| 000 | 00850nam a22002535i 4500 | ||
|---|---|---|---|
| 001 | 11325 | ||
| 003 | ES-MaACL | ||
| 005 | 20250811072549.0 | ||
| 007 | t| | ||
| 008 | 951115s1994 sp ||||0| spa j | ||
| 020 | _a84-7434-849-8 | ||
| 024 | 8 | _aNIPO 201-94-016-9 | |
| 040 |
_aM-BN _bspa _cM-BN |
||
| 080 | _a331.36(460) | ||
| 245 | 0 | 3 |
_aLa formación profesional continua en España / _cFederico Durán López ... [et al.]. |
| 260 |
_aMadrid : _bCentro de Publicaciones, Ministerio de Trabajo y Seguridad Social, _cD.L. 1994. |
||
| 300 |
_a281 p : _bgráf ; _c24 cm. |
||
| 500 | _aEn la cub.: FORCE. | ||
| 650 | 1 | 4 |
_aReciclaje profesional- _zEspaña. _916694 |
| 700 | 1 |
_aDurán López, Federico. _946225 |
|
| 710 | 1 |
_aEspaña. _bMinisterio de Trabajo _93924 |
|
| 852 |
_aES-MaACL _jL-18664 _bR.124887 |
||
| 999 |
_c11325 _d11325 |
||